00247nam a2200097Ia 4500008004100000100001700041245003200058260003300090260000900123999001700132170620s9999 xx 000 0 und d aJain- Kavita 0aFuture of Teacher Education bNew Delhi- Sumit Enterprises c2006 c24361d24361